El efecto de las instituciones en el crecimiento económico de América Latina /
Este artículo examina el impacto de las instituciones en el crecimiento económico de América Latina. A través de un análisis empírico y teórico, se investiga cómo las instituciones políticas, legales y sociales influyen en el desarrollo económico de la región. Se exploran factores como la gobernanza...
Gardado en:
| Autor Principal: | |
|---|---|
| Outros autores: | |
| Formato: | Libro |
| Idioma: | Spanish |
| Materias: | |
| Etiquetas: |
Engadir etiqueta
Sen Etiquetas, Sexa o primeiro en etiquetar este rexistro!
|
MARC
| LEADER | 00000nam a22000007a 4500 | ||
|---|---|---|---|
| 003 | cru CIDCACS/IIS | ||
| 005 | 20230902160626.0 | ||
| 007 | ta | ||
| 008 | 180830s2018 mx |||p|r|||| 00| ||spa|d | ||
| 040 | |c cru CIDCACS/IIS | ||
| 100 | 1 | |9 7580 |a Vargas Chanes, Delfino | |
| 245 | 1 | 3 | |a El efecto de las instituciones en el crecimiento económico de América Latina / |c Delfino Vargas Chanes, José Carlos González Nuñez |
| 300 | |a páginas 329-349: |b tablas | ||
| 520 | |a Este artículo examina el impacto de las instituciones en el crecimiento económico de América Latina. A través de un análisis empírico y teórico, se investiga cómo las instituciones políticas, legales y sociales influyen en el desarrollo económico de la región. Se exploran factores como la gobernanza, la corrupción, el estado de derecho y la estabilidad política, entre otros, para comprender cómo estas variables interactúan y moldean el crecimiento económico en los países latinoamericanos. El estudio resalta la importancia de construir instituciones sólidas y efectivas como base para el desarrollo sostenible en la región. RAR 10/2022 | ||
| 650 | 0 | |2 OCDE |9 7259 |a INSTITUCIONES | |
| 650 | 0 | |2 OCDE |9 639 |a CRECIMIENTO ECONOMICO | |
| 650 | 0 | |2 OCDE |9 2049 |a DESARROLLO SOSTENIBLE | |
| 650 | 0 | |2 OCDE |9 7946 |a GOBERNANCIA | |
| 650 | 0 | |2 OCDE |9 1035 |a CORRUPCION | |
| 650 | 0 | |2 OCDE |9 5329 |a ESTADO DE DERECHO | |
| 650 | 4 | |2 OCDE |9 1940 |a ESTABILIDAD POLITICA | |
| 651 | 0 | |2 OCDE |9 17 |a AMERICA LATINA | |
| 700 | 1 | |9 7580 |a González Nuñez, José Carlos | |
| 773 | 0 | |0 19269 |9 2209 |a FLACSO, México |d México: FLACSO |o 18762 |t Perfiles Latinoamericanos / |x 01887653 | |
| 942 | |2 ddc |c PP | ||
| 999 | |c 41624 |d 41624 | ||
